| Tag |
First Indicator |
Second Indicator |
Subfields |
| LEADER |
00000ctm a2200000Ia 4500 |
| 001 |
in00001705521 |
| 005 |
20151024162556.0 |
| 007 |
he bmb024baca |
| 008 |
010315s2000 xx a bb 000 0 eng d |
| 035 |
|
|
|a (OCoLC)ocm46458097
|
| 037 |
|
|
|a RC542
|b Microform Publications
|
| 040 |
|
|
|a ORU
|c INT
|d INT
|d HPE
|d UtOrBLW
|
| 049 |
|
|
|a TXAM
|
| 090 |
|
|
|a GV181.5
|b .M36 2000a
|
| 092 |
|
|
|a 790.0693
|
| 100 |
1 |
|
|a Maningas, Michael.
|
| 245 |
1 |
0 |
|a Preparing to be an entry-level outdoor leader :
|b hiring preferences of AEE accredited organizations /
|c by Michael Maningas.
|
| 264 |
|
1 |
|a [Place of publication not identified] :
|b [publisher not identified] ;
|c 2000.
|
| 300 |
|
|
|a viii, 44, vii, 140 leaves :
|b illustrations
|
| 336 |
|
|
|a text
|b txt
|2 rdacontent
|
| 337 |
|
|
|a microform
|b h
|2 rdamedia
|
| 338 |
|
|
|a microfiche
|b he
|2 rdacarrier
|
| 500 |
|
|
|a Includes: Forge your path : career guidance for becoming an entry-level outdoor leader / by Michael Maningas (vii, 140 leaves : ill.)
|
| 500 |
|
|
|a "A graduate project" (M.S.)--University of Wisconsin--La Crosse, 2000.
|
| 504 |
|
|
|a Includes bibliographical references (leaves 30-33).
|
| 533 |
|
|
|a Microfiche.
|b Eugene :
|c Microform Publications, University of Oregon,
|d 2000.
|e 3 microfiches : negative.
|n "UO 00 332--UO 00 334."
|
| 500 |
|
|
|a Microform.
|
| 650 |
|
0 |
|a Recreation leaders
|x Selection and appointment.
|
| 650 |
|
0 |
|a Outdoor recreation
|x Management.
|
| 610 |
2 |
0 |
|a Association for Experiential Education.
|
| 650 |
|
0 |
|a Recreation leadership
|x Vocational guidance.
|
| 700 |
1 |
2 |
|a Maningas, Michael.
|t Forge your path.
|
| 994 |
|
|
|a 92
|b TXA
|
| 948 |
|
|
|a cataloged
|b h
|c 2002/10/25
|d c
|e blrosas
|f 12:06:11 pm
|
| 999 |
|
|
|a MARS
|
| 999 |
f |
f |
|s cc2812dd-97a6-3286-a8fa-e52abca63e20
|i 6cf774ad-9e72-3988-b41e-f08d699cfc65
|t 0
|
| 952 |
f |
f |
|p normal
|a Texas A&M University
|b College Station
|c Sterling C. Evans Library
|d Evans: Microforms Fiche (3rd floor)
|t 0
|e GV181.5 .M36 2000a
|h Library of Congress classification
|i microform -- microfiche
|m A14829429846
|
| 998 |
f |
f |
|a GV181.5 .M36 2000a
|t 0
|l Evans: Microforms Fiche (3rd floor)
|